000
00219nam a2200097Ia 4500
008
240625s9999 xx 000 0 und d
041
_a
eng
100
_a
MANORAMA
245
_a
MANORAMA KNOWLEDGE ADVENTURE
260
_c
2008
999
_c
33924
_d
33924